000 00606nam a22001937a 4500
003 OSt
005 20140310181736.0
008 130320t xxu||||| |||| 00| 0 eng d
020 _a9718581065
050 _aZ 669.5
_b.B928 1992
082 _aTR 027
_bB86 1992
245 _aBatayang aklat sa librarianship/
_cnina Juan C. Buenrostro, Jr. at Maria A. Orendain ; pinatnugutan nina Lydia Gonzales-Garcia, Ruby G. Alcantara
260 _aQuezon City :
_bGreat Books Trading,
_cc1992.
300 _a213 p.
_c22 cm.
_bill. ;
521 _aFaculty
541 _j1
562 _e1
942 _2lcc
_cBK-TR
_kTR
999 _c2597
_d2597